| 000 | 00621nam a22002057a 4500 | ||
|---|---|---|---|
| 003 | OSt | ||
| 005 | 20220107122745.0 | ||
| 008 | 140421b xxu||||| |||| 00| 0 eng d | ||
| 020 | _a9788126518258 | ||
| 040 | _cIIITM-K | ||
| 082 | _a006.312 BER/M | ||
| 100 |
_aBerry, Michael, J.A _94297 |
||
| 245 |
_aMastering data mining: _cby Michael J.A Berry; Gordon S Linoff _bThe art and science of customer relationship management |
||
| 260 |
_aNew Delhi, _bWiley, _c2013. |
||
| 300 | _axviii, 494p. | ||
| 650 |
_aCOMPUTER SCIENCE _94298 |
||
| 650 |
_aDATA MINING _94299 |
||
| 700 |
_aLinoff, Gordon S _95093 |
||
| 942 |
_2ddc _cBK |
||
| 999 |
_c4138 _d4138 |
||